[Event "CYCC U10"]
[Site "Windsor CAN"]
[Date "2010.07.09"]
[Round "7"]
[White "Aghamalian, Derick"]
[Black "Zhang, Yuanchen"]
[Result "0-1"]
[WhiteElo "1445"]
[BlackElo "1780"]
[PlyCount "160"]
[GameId "2160767909915711"]
[EventDate "2010.07.06"]
[EventType "swiss"]
[EventRounds "7"]
[EventCountry "CAN"]
[SourceTitle "hb 2010.09"]

1. e4 c5 2. Nf3 e6 3. d4 cxd4 4. Nxd4 Nf6 5. Nc3 Nc6 6. Ndb5 Bb4 7. Nd6+ Ke7 8. Bf4 Qa5 9. Qd3 Bxc3+ 10. bxc3 Qc5 11. Rd1 Ne5 12. Bxe5 Qxe5 13. Qg3 Qxg3 14. hxg3 h6 15. f3 Ne8 16. e5 Nxd6 17. exd6+ Ke8 18. Bd3 b6 19. Be4 Rb8 20. Kf2 Bb7 21. Rhe1 Bxe4 22. Rxe4 Rc8 23. Rd3 Rc6 24. Ke2 f6 25. Kd2 Kf7 26. g4 Rhc8 27. f4 Rc5 28. f5 e5 29. g3 Rc4 30. Rde3 Rxe4 31. Rxe4 Rc6 32. c4 Rxd6+ 33. Kc3 Rc6 34. Kb3 Rc5 35. a4 a5 36. Ka2 Rc6 37. Kb3 d6 38. Kb2 Ke7 39. Kb3 Rc8 40. Re2 Re8 41. Kc3 Kd7 42. Kd3 Kc6 43. Ke4 Kc5 44. Kd3 Rd8 45. Kc3 d5 46. cxd5 Rxd5 47. Re4 Rd4 48. Rxd4 exd4+ 49. Kb3 Kd5 50. g5 hxg5 51. g4 Kc5 52. c3 d3 53. c4 d2 54. Kc2 Kxc4 55. Kxd2 Kb4 56. Kd3 Kxa4 57. Kc4 b5+ 58. Kc3 Ka3 59. Kc2 b4 60. Kb1 b3 61. Ka1 b2+ 62. Kb1 a4 63. Kc2 Ka2 64. Kc3 b1=R 65. Kd3 Rg1 66. Ke4 Rxg4+ 67. Kd5 Rf4 68. Ke6 g4 69. Kf7 Rxf5 70. Kxg7 g3 71. Kg6 Rf3 72. Kh5 g2 73. Kg4 Rc3 74. Kf5 g1=R 75. Kxf6 Re1 76. Kf5 Rf3+ 77. Kg4 Rf8 78. Kg3 Rg1+ 79. Kh2 Rfg8 80. Kh3 Rh1# 0-1

[Event "New Tecumseth op"]
[Site "Alliston CAN"]
[Date "2010.06.05"]
[Round "2"]
[White "Chuchin, Sasha"]
[Black "Zhang, Yuanchen"]
[Result "1/2-1/2"]
[WhiteElo "1468"]
[BlackElo "1722"]
[PlyCount "64"]
[GameId "2160767909973621"]
[EventDate "2010.06.04"]
[EventType "swiss"]
[EventRounds "5"]
[EventCountry "CAN"]

1. e4 c5 2. Nf3 e6 3. d4 cxd4 4. Nxd4 Nf6 5. Bd3 Nc6 6. Nf3 d5 7. exd5 exd5 8. a3 Be6 9. O-O Bd6 10. Re1 O-O 11. Nc3 h6 12. h3 a6 13. Bd2 Qc7 14. Qc1 Qd7 15. b3 Bf5 16. Na4 Bxd3 17. cxd3 Qf5 18. Nb2 Rac8 19. Qd1 Rfe8 20. Nh4 Qd7 21. Qf3 Nd4 22. Rxe8+ Rxe8 23. Qd1 Ne2+ 24. Kf1 Bf4 25. Na4 Qb5 26. Nc3 Nxc3 27. Bxc3 Qc6 28. Bd2 Be5 29. Rc1 Qd7 30. a4 Rc8 31. Nf3 Rxc1 32. Qxc1 Bd6 1/2-1/2

[Event "New Tecumseth op"]
[Site "Alliston CAN"]
[Date "2010.06.06"]
[Round "4"]
[White "Zhang, Yuanchen"]
[Black "Jung, Hans"]
[Result "0-1"]
[WhiteElo "1722"]
[BlackElo "2264"]
[PlyCount "130"]
[GameId "2160767909973626"]
[EventDate "2010.06.04"]
[EventType "swiss"]
[EventRounds "5"]
[EventCountry "CAN"]

1. d4 d5 2. c4 e6 3. cxd5 exd5 4. Nc3 Nf6 5. Bg5 Nbd7 6. e3 c6 7. Bd3 Bb4 8. Qc2 Qa5 9. Nf3 h6 10. Bh4 O-O 11. O-O Re8 12. a3 Bxc3 13. bxc3 c5 14. Nd2 c4 15. Be2 Ne4 16. Nxe4 Rxe4 17. Bg3 Nb6 18. Bf3 Re8 19. Rfe1 Bd7 20. h3 Rac8 21. Rec1 Qa4 22. Qd2 Bf5 23. Bd1 Qd7 24. Bc2 Bxc2 25. Qxc2 Na4 26. Rab1 g6 27. Rb4 b5 28. Rbb1 a6 29. Ra1 Rc6 30. Rab1 Rce6 31. Qd2 Kh7 32. Qe2 Re4 33. Qd2 Qe7 34. Ra1 g5 35. Qc2 Kg7 36. Rf1 f6 37. Qd2 Kg6 38. Qc2 f5 39. Qd2 Qf8 40. Rfe1 Qe7 41. Qc1 Qe6 42. Qd2 f4 43. exf4 Re2 44. Qc1 Qe4 45. fxg5 hxg5 46. Be5 Qc2 47. Qxc2+ Rxc2 48. Rec1 Rxc3 49. Rxc3 Nxc3 50. Kf1 Kf5 51. Rc1 Na4 52. Ke2 Nb2 53. Kd2 Nd3 54. Bg3 Nxc1 55. Kxc1 Re2 56. h4 gxh4 57. Bxh4 Re4 58. Bg3 Rxd4 59. Bd6 Rd3 60. Bb4 d4 61. Kc2 Rb3 62. f3 Kf4 63. Bd2+ Kg3 64. f4 Kxg2 65. f5 Rf3 0-1

[Event "Scarborough CC LH Summer op"]
[Site "Toronto CAN"]
[Date "2010.04.29"]
[Round "1"]
[White "Zhang, Yuanchen"]
[Black "Moysoski, Randy"]
[Result "1-0"]
[WhiteElo "1712"]
[BlackElo "1955"]
[PlyCount "86"]
[GameId "2160767910003053"]
[EventDate "2010.04.29"]
[EventType "swiss"]
[EventRounds "8"]
[EventCountry "CAN"]
[SourceTitle "EXT 2022"]
[Source "ChessBase"]
[SourceDate "2021.10.06"]
[SourceVersion "1"]
[SourceVersionDate "2021.10.06"]
[SourceQuality "1"]

1. d4 Nf6 2. c4 e5 3. dxe5 Ng4 4. Nf3 Nc6 5. Nc3 Ngxe5 6. Nxe5 Nxe5 7. e3 Bb4 8. Qc2 O-O 9. Be2 b6 10. O-O Bb7 11. f4 Nc6 12. a3 Bd6 13. Bf3 f5 14. b4 a6 15. Bb2 Qe8 16. Rae1 Nd8 17. Bxb7 Nxb7 18. Nd5 a5 19. Rf3 axb4 20. axb4 Qe6 21. Rg3 Rf7 22. Qc3 Qh6 23. Nf6+ Kf8 24. Nd5 Re8 25. Rf1 Re4 26. Rff3 c5 27. b5 Na5 28. Rh3 Rxc4 29. Rxh6 Rxc3 30. Rxh7 Kg8 31. Rfh3 Rf8 32. Rh8+ Kf7 33. Rxf8+ Bxf8 34. Bxc3 Nc4 35. e4 fxe4 36. Ba1 Bd6 37. Rc3 Ke6 38. Rxc4 Kxd5 39. Rc2 Bxf4 40. g3 Be3+ 41. Kf1 Bh6 42. Ke2 Ke6 43. Bc3 d5 1-0

[Event "Scarborough CC LH Summer op"]
[Site "Toronto CAN"]
[Date "2010.05.13"]
[Round "2"]
[White "Picana, Andrew"]
[Black "Zhang, Yuanchen"]
[Result "1-0"]
[WhiteElo "2114"]
[BlackElo "1712"]
[PlyCount "88"]
[GameId "2160767910003072"]
[EventDate "2010.04.29"]
[EventType "swiss"]
[EventRounds "8"]
[EventCountry "CAN"]
[SourceTitle "EXT 2022"]
[Source "ChessBase"]
[SourceDate "2021.10.06"]
[SourceVersion "1"]
[SourceVersionDate "2021.10.06"]
[SourceQuality "1"]

1. d4 Nf6 2. c4 e6 3. Nc3 Bb4 4. Qb3 Bxc3+ 5. bxc3 b6 6. Bg5 Bb7 7. f3 d6 8. e4 Nbd7 9. Rd1 Qe7 10. Bd3 O-O 11. Ne2 Rfd8 12. O-O h6 13. Bh4 c5 14. Bf2 Rac8 15. Qa3 Ra8 16. Bc2 e5 17. Ng3 Qe6 18. d5 Qe7 19. Ba4 Nf8 20. Qc1 Bc8 21. Be3 Ng6 22. Bc2 Rf8 23. Qd2 Nh8 24. Kh1 g5 25. Nf5 Bxf5 26. exf5 Nh5 27. g3 f6 28. Qg2 Ng7 29. h4 Nf7 30. Qh3 Nd8 31. Kg2 Nb7 32. Rde1 Nd8 33. Rh1 Kf7 34. f4 Nb7 35. fxg5 hxg5 36. hxg5 Qd7 37. Qh7 Ke8 38. Rh6 fxg5 39. f6 Ne6 40. Qxd7+ Kxd7 41. Ba4+ b5 42. Bxb5+ Kc7 43. dxe6 a6 44. Ba4 g4 1-0

[Event "Scarborough CC LH Summer op"]
[Site "Toronto CAN"]
[Date "2010.05.27"]
[Round "4"]
[White "Zhang, Yuanchen"]
[Black "Paterson, Jim"]
[Result "0-1"]
[WhiteElo "1712"]
[BlackElo "1852"]
[PlyCount "96"]
[GameId "2160767910003116"]
[EventDate "2010.04.29"]
[EventType "swiss"]
[EventRounds "8"]
[EventCountry "CAN"]
[SourceTitle "EXT 2022"]
[Source "ChessBase"]
[SourceDate "2021.10.06"]
[SourceVersion "1"]
[SourceVersionDate "2021.10.06"]
[SourceQuality "1"]

1. d4 e6 2. c4 c5 3. d5 exd5 4. cxd5 d6 5. Nc3 g6 6. e4 Bg7 7. Bd3 a6 8. a4 Nf6 9. Nf3 O-O 10. O-O Nbd7 11. Qc2 Ng4 12. h3 Nge5 13. Nxe5 Bxe5 14. Be3 Qf6 15. Rad1 Bf4 16. Bxf4 Qxf4 17. Rfe1 Ne5 18. Ne2 Qg5 19. Ng3 h5 20. Re3 Nxd3 21. Qxd3 Re8 22. Rde1 Bd7 23. b3 b5 24. axb5 axb5 25. Qc3 h4 26. Nf1 Ra2 27. Ra1 b4 28. Qc1 Rea8 29. Rxa2 Rxa2 30. Qb1 Ra3 31. Qb2 Qe5 32. Qxe5 dxe5 33. Nd2 g5 34. Nc4 Ra1+ 35. Kh2 f6 36. Rd3 Kf7 37. Rf3 Ke7 38. Rd3 Bb5 39. Rd2 Bxc4 40. bxc4 Rc1 41. Ra2 Rxc4 42. Ra7+ Kd8 43. Ra8+ Kc7 44. Ra7+ Kb6 45. Rf7 b3 46. Rxf6+ Kc7 47. Rc6+ Kd7 48. Rb6 Rb4 0-1

[Event "Scarborough CC LH Summer op"]
[Site "Toronto CAN"]
[Date "2010.06.10"]
[Round "6"]
[White "Stewart, Frankie"]
[Black "Zhang, Yuanchen"]
[Result "0-1"]
[WhiteElo "1794"]
[BlackElo "1712"]
[PlyCount "58"]
[GameId "2160767910003152"]
[EventDate "2010.04.29"]
[EventType "swiss"]
[EventRounds "8"]
[EventCountry "CAN"]
[SourceTitle "EXT 2022"]
[Source "ChessBase"]
[SourceDate "2021.10.06"]
[SourceVersion "1"]
[SourceVersionDate "2021.10.06"]
[SourceQuality "1"]

1. c4 Nf6 2. Nc3 e6 3. e4 d6 4. d4 Nbd7 5. Nf3 Be7 6. Bd3 c5 7. O-O cxd4 8. Nxd4 O-O 9. Be3 Ne5 10. Be2 Nc6 11. Nb3 b6 12. Qd2 Bb7 13. Rad1 a6 14. f3 Qc7 15. Bf4 Rfd8 16. Qe1 Rac8 17. Qf2 Nd7 18. Be3 Nc5 19. Nd4 Bf6 20. Nxc6 Bxc6 21. Rc1 Nd7 22. Rfd1 Rb8 23. Rd2 Nf8 24. Kh1 Nd7 25. Rcd1 Bxc3 26. bxc3 Nc5 27. Qg3 e5 28. Bg5 Rd7 29. Bf6 Ne6 0-1

[Event "Scarborough CC LH Summer op"]
[Site "Toronto CAN"]
[Date "2010.06.17"]
[Round "7"]
[White "Zhang, Yuanchen"]
[Black "Song, Michael"]
[Result "0-1"]
[WhiteElo "1712"]
[BlackElo "1927"]
[PlyCount "60"]
[GameId "2160767910003180"]
[EventDate "2010.04.29"]
[EventType "swiss"]
[EventRounds "8"]
[EventCountry "CAN"]
[SourceTitle "EXT 2022"]
[Source "ChessBase"]
[SourceDate "2021.10.06"]
[SourceVersion "1"]
[SourceVersionDate "2021.10.06"]
[SourceQuality "1"]

1. d4 d5 2. c4 c6 3. Nc3 Nf6 4. Bg5 e6 5. cxd5 exd5 6. e3 Bf5 7. Bd3 Bxd3 8. Qxd3 Bd6 9. Nf3 O-O 10. O-O Nbd7 11. Rac1 h6 12. Bh4 Qb6 13. Qc2 Rfe8 14. a3 a5 15. Na4 Qc7 16. Bg3 Ne4 17. Bxd6 Qxd6 18. Nc3 Ndf6 19. Nxe4 Nxe4 20. Nd2 f5 21. Nxe4 Rxe4 22. Qe2 f4 23. Rc3 Qe6 24. Qd2 f3 25. gxf3 Rh4 26. Re1 Qh3 27. Qd1 Rf8 28. f4 Qxh2+ 29. Kf1 Rhxf4 30. f3 Rg4 0-1

[Event "Scarborough CC ch Reserves op"]
[Site "Toronto CAN"]
[Date "2010.02.25"]
[Round "1"]
[White "Verde, Pino"]
[Black "Zhang, Yuanchen"]
[Result "1-0"]
[WhiteElo "1895"]
[BlackElo "1648"]
[PlyCount "69"]
[GameId "2160767910028615"]
[EventDate "2010.02.25"]
[EventType "swiss"]
[EventRounds "9"]
[EventCountry "CAN"]
[SourceTitle "EXT 2022"]
[Source "ChessBase"]
[SourceDate "2021.10.06"]
[SourceVersion "1"]
[SourceVersionDate "2021.10.06"]
[SourceQuality "1"]

1. e4 c5 2. Nf3 e6 3. d3 Nc6 4. Nbd2 d5 5. g3 Bd6 6. Bg2 Nf6 7. Qe2 Qc7 8. exd5 Nxd5 9. Ng5 Nf6 10. c3 Bd7 11. Nc4 h6 12. Nxd6+ Qxd6 13. Bf4 Qe7 14. Nf3 O-O 15. h4 Rae8 16. O-O-O b5 17. Ne5 Nxe5 18. Bxe5 Rd8 19. g4 Nh7 20. Bf4 b4 21. c4 Bc8 22. g5 hxg5 23. hxg5 g6 24. Qg4 e5 25. Qh4 f6 26. gxf6 Nxf6 27. Rde1 Rd4 28. Qh8+ Kf7 29. Rh7+ Nxh7 30. Qxh7+ Ke8 31. Rxe5 Qxe5 32. Bxe5 Rd8 33. Bc6+ Bd7 34. Qxg6+ Rf7 35. Bd5 1-0

[Event "Winter op U2000"]
[Site "Kitchener CAN"]
[Date "2010.02.20"]
[Round "3"]
[White "Song, Terry"]
[Black "Zhang, Yuanchen"]
[Result "1-0"]
[WhiteElo "1808"]
[BlackElo "1647"]
[PlyCount "77"]
[GameId "2160767910028825"]
[EventDate "2010.02.19"]
[EventType "swiss"]
[EventRounds "5"]
[EventCountry "CAN"]

1. e4 c5 2. Nf3 e6 3. Nc3 Nc6 4. Bb5 Qc7 5. O-O Nf6 6. Bxc6 Qxc6 7. e5 Nd5 8. d4 cxd4 9. Nxd5 Qxd5 10. Qxd4 Qc6 11. Be3 Be7 12. Qg4 Rg8 13. Rfd1 b6 14. Nd4 Qc7 15. f4 Bb7 16. c3 a6 17. Bf2 b5 18. Rd3 Bd5 19. Bh4 Bxh4 20. Qxh4 h6 21. Qg3 Rc8 22. Kh1 Qb6 23. f5 Qb7 24. f6 g5 25. Nc2 a5 26. Ne3 Be4 27. Rd6 Rc6 28. Rad1 Rxd6 29. Rxd6 Bc6 30. Ng4 h5 31. Ne3 Be4 32. Rd4 Bc6 33. Qf2 Rg6 34. Rd1 Be4 35. Qd2 Bc6 36. Qd6 Kd8 37. Qe7+ Kc7 38. Qxf7 Rh6 39. Qg7 1-0

[Event "Scarborough CC Jack Frost"]
[Site "Toronto CAN"]
[Date "2010.01.07"]
[Round "1"]
[White "Zhang, Yuanchen"]
[Black "Paterson, Jim"]
[Result "1/2-1/2"]
[WhiteElo "1568"]
[BlackElo "1877"]
[PlyCount "129"]
[GameId "2160767910029514"]
[EventDate "2010.01.07"]
[EventType "swiss"]
[EventRounds "6"]
[EventCountry "CAN"]
[SourceTitle "EXT 2011"]
[Source "ChessBase"]
[SourceDate "2011.11.26"]
[SourceVersion "1"]
[SourceVersionDate "2011.11.26"]
[SourceQuality "1"]

1. d4 f5 2. Nf3 d6 3. c4 Nf6 4. Bg5 Nbd7 5. Nbd2 g6 6. e3 Bg7 7. Bd3 c6 8. O-O O-O 9. Re1 e5 10. dxe5 Nxe5 11. Bc2 Qc7 12. Qe2 Bd7 13. e4 fxe4 14. Nxe5 dxe5 15. Nxe4 Rae8 16. Rad1 Bc8 17. a3 Nxe4 18. Bxe4 Bf5 19. b4 h6 20. Bc1 Qf7 21. f3 Rd8 22. Bb2 Rxd1 23. Rxd1 Qe6 24. Bc1 Rf7 25. b5 Bxe4 26. Qxe4 cxb5 27. cxb5 Kh7 28. Qd5 Qxd5 29. Rxd5 g5 30. Bb2 Re7 31. Kf2 Kg6 32. Ke3 h5 33. Ke4 g4 34. fxg4 hxg4 35. Bxe5 Bxe5 36. Rxe5 Rc7 37. Kf4 Rc4+ 38. Re4 Rc2 39. g3 Rxh2 40. Kxg4 Rb2 41. Rb4 Ra2 42. Ra4 Rb2 43. Rb4 Ra2 44. a4 Ra3 45. Rd4 Kf6 46. Kf4 Ra1 47. g4 Rf1+ 48. Kg3 Ra1 49. Rf4+ Kg6 50. Kf3 Ra3+ 51. Ke2 Kg5 52. Rd4 b6 53. Kd2 Kf6 54. Kc2 Ke5 55. Kb2 Rg3 56. Rd7 Rxg4 57. Rxa7 Kd5 58. Rc7 Rxa4 59. Kb3 Ra5 60. Kb4 Ra1 61. Rd7+ Ke6 62. Rd3 Rb1+ 63. Kc4 Rc1+ 64. Kd4 Rc5 65. Rb3 1/2-1/2

[Event "Scarborough CC Jack Frost"]
[Site "Toronto CAN"]
[Date "2010.01.14"]
[Round "2"]
[White "Rapoport, Alexander"]
[Black "Zhang, Yuanchen"]
[Result "0-1"]
[WhiteElo "1855"]
[BlackElo "1568"]
[PlyCount "108"]
[GameId "2160767910029531"]
[EventDate "2010.01.07"]
[EventType "swiss"]
[EventRounds "6"]
[EventCountry "CAN"]

1. d4 Nf6 2. e3 e6 3. Nf3 b6 4. c4 Bb7 5. Nc3 Be7 6. Be2 O-O 7. O-O d5 8. b3 Nbd7 9. Bb2 c5 10. Rc1 Rc8 11. Qd2 Re8 12. Rfd1 Nf8 13. Ne5 Ng6 14. Nxg6 hxg6 15. Bf3 Ne4 16. Bxe4 dxe4 17. d5 exd5 18. cxd5 Bd6 19. Qc2 f5 20. g3 a6 21. Kg2 Qg5 22. Qe2 Qh5 23. h4 Qxe2 24. Nxe2 Kf7 25. Rd2 Rcd8 26. Rcd1 Re7 27. Rh1 Rh8 28. Nf4 Bxf4 29. gxf4 Rd7 30. d6 Ke6 31. Be5 Kf7 32. Kg3 Ke6 33. Kg2 Kf7 34. Rdd1 Ke6 35. Rh2 Kf7 36. Rdh1 Rh5 37. Kf1 Ke6 38. Rg1 Kf7 39. Rhg2 Rxh4 40. Rg3 Rh7 41. Rxg6 Rd8 42. Bxg7 Bc8 43. Ke2 Ke8 44. Rd1 a5 45. Rd2 Ba6+ 46. Kd1 Rh1+ 47. Kc2 Bd3+ 48. Kb2 b5 49. Re6+ Kd7 50. Re7+ Kc6 51. Rc7+ Kb6 52. a3 b4 53. Re7 c4 54. bxc4 Rb1+ 0-1

[Event "Scarborough CC Jack Frost"]
[Site "Toronto CAN"]
[Date "2010.01.28"]
[Round "4"]
[White "Zhang, Yuanchen"]
[Black "Verde, Pino"]
[Result "0-1"]
[WhiteElo "1568"]
[BlackElo "1824"]
[PlyCount "54"]
[GameId "2160767910029586"]
[EventDate "2010.01.07"]
[EventType "swiss"]
[EventRounds "6"]
[EventCountry "CAN"]
[SourceTitle "EXT 2011"]
[Source "ChessBase"]
[SourceDate "2011.11.26"]
[SourceVersion "1"]
[SourceVersionDate "2011.11.26"]
[SourceQuality "1"]

1. d4 Nf6 2. c4 d6 3. Nc3 Nbd7 4. e4 e5 5. d5 Be7 6. Nf3 Nc5 7. Qc2 a5 8. Be3 O-O 9. Be2 Ng4 10. Bxc5 dxc5 11. h3 Nh6 12. Nxe5 f5 13. exf5 Bxf5 14. Bd3 Bd6 15. Na4 Bxe5 16. Nxc5 Bd4 17. Bxf5 Rxf5 18. Nd3 Qg5 19. g4 Re8+ 20. Kf1 Rf3 21. Re1 Ref8 22. b3 Rxd3 23. Re8 Rdf3 24. Rxf8+ Kxf8 25. Rh2 Qf4 26. Kg1 Rc3 27. Qe2 Be5 0-1

[Event "Scarborough CC Jack Frost"]
[Site "Toronto CAN"]
[Date "2010.02.04"]
[Round "5"]
[White "Rutherdale, William"]
[Black "Zhang, Yuanchen"]
[Result "1-0"]
[WhiteElo "1737"]
[BlackElo "1568"]
[PlyCount "96"]
[GameId "2160767910029605"]
[EventDate "2010.01.07"]
[EventType "swiss"]
[EventRounds "6"]
[EventCountry "CAN"]
[SourceTitle "EXT 2011"]
[Source "ChessBase"]
[SourceDate "2011.11.26"]
[SourceVersion "1"]
[SourceVersionDate "2011.11.26"]
[SourceQuality "1"]

1. d4 Nf6 2. c4 e6 3. Nc3 Bb4 4. Qc2 O-O 5. Nf3 b6 6. e3 Bb7 7. Be2 d5 8. a3 Bxc3+ 9. Qxc3 Nbd7 10. O-O Ne4 11. Qc2 f5 12. Bd2 Rf6 13. Rfc1 Rc8 14. Be1 Rg6 15. b4 Qe7 16. c5 c6 17. cxb6 axb6 18. a4 c5 19. bxc5 bxc5 20. Qb2 Rb8 21. dxc5 Ba6 22. Qc2 Bxe2 23. Qxe2 Nexc5 24. a5 Nb3 25. Nd4 Nxc1 26. Rxc1 Ne5 27. f4 Nc4 28. Nc6 Qb7 29. Nxb8 Qxb8 30. Bc3 Qa7 31. Re1 Kf7 32. Kf2 Qa8 33. g3 Qb8 34. Qa2 Qa7 35. Qa4 e5 36. Qb5 Rd6 37. fxe5 Qa6 38. Rb1 Qxb5 39. Rxb5 Rd7 40. a6 Ke6 41. Rb7 Rd8 42. a7 Ra8 43. Bd4 Nxe5 44. Rb8 Rxa7 45. Bxa7 Ng4+ 46. Kg1 g6 47. h3 Nf6 48. Rb6+ Kf7 1-0

[Event "Scarborough CC Jack Frost"]
[Site "Toronto CAN"]
[Date "2010.02.11"]
[Round "6"]
[White "Zhang, Yuanchen"]
[Black "Gillis, Doug"]
[Result "1/2-1/2"]
[WhiteElo "1568"]
[BlackElo "1692"]
[PlyCount "78"]
[GameId "2160767910029628"]
[EventDate "2010.01.07"]
[EventType "swiss"]
[EventRounds "6"]
[EventCountry "CAN"]
[SourceTitle "EXT 2011"]
[Source "ChessBase"]
[SourceDate "2011.11.26"]
[SourceVersion "1"]
[SourceVersionDate "2011.11.26"]
[SourceQuality "1"]

1. d4 Nf6 2. c4 e6 3. Nc3 Bb4 4. Qc2 Nc6 5. Nf3 d6 6. Bg5 h6 7. Bh4 g5 8. Bg3 g4 9. Nd2 Nxd4 10. Qd3 Nf5 11. a3 Bxc3 12. Qxc3 Nxg3 13. hxg3 e5 14. e4 Nd7 15. Qe3 Qf6 16. Be2 Nc5 17. b4 Ne6 18. Bxg4 Nd4 19. Bd1 Bg4 20. Qd3 Bxd1 21. Rxd1 O-O-O 22. Nf3 Nxf3+ 23. Qxf3 Qxf3 24. gxf3 Rdf8 25. Ke2 f5 26. Rh4 Kd7 27. Rdh1 fxe4 28. fxe4 Rf6 29. Ke3 Ke6 30. f4 exf4+ 31. gxf4 c6 32. Rg1 Ke7 33. f5 a6 34. Kd4 Rh7 35. c5 d5 36. exd5 Rxf5 37. d6+ Kd7 38. Rg8 Rd5+ 39. Kc4 Rd1 1/2-1/2

[Event "Scarborough CC Falling Leaves U1700"]
[Site "Toronto CAN"]
[Date "2009.11.26"]
[Round "4"]
[White "Zhang, Yuanchen"]
[Black "Yusuf, Magas"]
[Result "1/2-1/2"]
[WhiteElo "1537"]
[BlackElo "1553"]
[PlyCount "54"]
[GameId "2160767910096155"]
[EventDate "2009.11.05"]
[EventType "swiss"]
[EventRounds "7"]
[EventCountry "CAN"]
[SourceTitle "EXT 2011"]
[Source "ChessBase"]
[SourceDate "2011.11.26"]
[SourceVersion "1"]
[SourceVersionDate "2011.11.26"]
[SourceQuality "1"]

1. d4 d5 2. c4 c6 3. cxd5 cxd5 4. Nc3 Nf6 5. Nf3 Nc6 6. Bf4 Bf5 7. e3 e6 8. Bb5 Rc8 9. Ne5 Qb6 10. Qb3 Be7 11. Bxc6+ bxc6 12. Qxb6 axb6 13. Rc1 Nd7 14. Na4 Nxe5 15. Bxe5 Bb4+ 16. Ke2 Ra8 17. Rxc6 O-O 18. Nxb6 Rxa2 19. Kf3 Be4+ 20. Kg3 f6 21. Bd6 Bxd6+ 22. Rxd6 Rb8 23. Rc1 Bf5 24. Rc8+ Rxc8 25. Nxc8 Rxb2 26. Ne7+ Kf7 27. Nxf5 exf5 1/2-1/2

[Event "Scarborough CC Falling Leaves U1700"]
[Site "Toronto CAN"]
[Date "2009.10.15"]
[Round "6"]
[White "Dattani, Dinesh"]
[Black "Zhang, Yuanchen"]
[Result "0-1"]
[WhiteElo "1412"]
[BlackElo "1360"]
[PlyCount "36"]
[GameId "2160767910096173"]
[EventDate "2009.11.05"]
[EventType "swiss"]
[EventRounds "7"]
[EventCountry "CAN"]
[SourceTitle "EXT 2011"]
[Source "ChessBase"]
[SourceDate "2011.11.26"]
[SourceVersion "1"]
[SourceVersionDate "2011.11.26"]
[SourceQuality "1"]

1. e4 c5 2. Nf3 e6 3. Nc3 Nc6 4. d4 cxd4 5. Nxd4 Qc7 6. Be2 a6 7. O-O Nf6 8. Be3 Bb4 9. Bd2 Nxd4 10. Nd5 Nxe2+ 11. Qxe2 Nxd5 12. exd5 Qxc2 13. Rfd1 Bxd2 14. Rxd2 Qg6 15. d6 O-O 16. Rc1 b5 17. Qf3 Rb8 18. Rdc2 Bb7 0-1

[Event "Scarborough CC Falling Leaves U1700"]
[Site "Toronto CAN"]
[Date "2009.12.17"]
[Round "7"]
[White "Zhang, Yuanchen"]
[Black "Azmitia, Gabriel"]
[Result "1/2-1/2"]
[WhiteElo "1537"]
[BlackElo "1467"]
[PlyCount "96"]
[GameId "2160767910096204"]
[EventDate "2009.11.05"]
[EventType "swiss"]
[EventRounds "7"]
[EventCountry "CAN"]
[SourceTitle "EXT 2011"]
[Source "ChessBase"]
[SourceDate "2011.11.26"]
[SourceVersion "1"]
[SourceVersionDate "2011.11.26"]
[SourceQuality "1"]

1. d4 d5 2. c4 e6 3. Nc3 b6 4. cxd5 exd5 5. Nf3 Bb7 6. Bf4 a6 7. e3 Nf6 8. Bd3 Bd6 9. Bxd6 Qxd6 10. O-O O-O 11. Qc2 Re8 12. Rac1 h6 13. h3 Nbd7 14. Ne2 Rac8 15. Qb1 Ne4 16. Bxe4 dxe4 17. Nh2 f5 18. Qc2 Nf6 19. Qd2 Nd5 20. Nc3 Re7 21. Nxd5 Bxd5 22. a3 Rf8 23. b4 g5 24. Qe2 b5 25. Rfe1 Rh7 26. Rc5 h5 27. Qd1 c6 28. Qe2 f4 29. exf4 gxf4 30. Qd1 Qg6 31. f3 e3 32. Qe2 Rg7 33. Kh1 Kh8 34. Rg1 Rfg8 35. Rc2 Qg3 36. Nf1 Qg5 37. Nh2 Bc4 38. Rxc4 bxc4 39. Qxc4 Qg3 40. Qe6 Rg6 41. Qe5+ Kh7 42. Qxh5+ Rh6 43. Qf5+ Rhg6 44. Ng4 Qh4 45. Qe4 Kh8 46. Qe5+ R8g7 47. Qxf4 Re7 48. Qf8+ Rg8 1/2-1/2

[Event "CYCC U08"]
[Site "Victoria CAN"]
[Date "2009.07.21"]
[Round "1"]
[White "Deng, Yi"]
[Black "Zhang, Yuanchen"]
[Result "0-1"]
[WhiteElo "695"]
[BlackElo "1282"]
[PlyCount "102"]
[GameId "2160767910093581"]
[EventDate "2009.07.21"]
[EventType "swiss"]
[EventRounds "7"]
[EventCountry "CAN"]
[SourceTitle "EXT 2011"]
[Source "ChessBase"]
[SourceDate "2011.11.26"]
[SourceVersion "1"]
[SourceVersionDate "2011.11.26"]
[SourceQuality "1"]

1. e4 c5 2. Nf3 e6 3. Be2 Nc6 4. c4 Nf6 5. Nc3 d6 6. d4 cxd4 7. Nxd4 Qb6 8. Nf3 a6 9. Na4 Qc7 10. Bd3 Be7 11. O-O O-O 12. Re1 Bd7 13. Be3 Nb4 14. Be2 Nxe4 15. a3 Bxa4 16. Qxa4 Nc6 17. Bd3 Nc5 18. Bxc5 dxc5 19. Qc2 h6 20. Rad1 Rad8 21. Be4 Rxd1 22. Rxd1 Rd8 23. Rxd8+ Bxd8 24. Bxc6 Qxc6 25. Ne5 Qd6 26. Nf3 Bf6 27. h3 Bd4 28. Qb3 b6 29. Nh2 Be5 30. g3 Qc6 31. f4 Bd4+ 32. Kf1 Qh1+ 33. Ke2 Qxh2+ 34. Kd3 Qxg3+ 35. Kc2 Qxb3+ 36. Kxb3 Be3 37. Ka4 Bxf4 38. b3 e5 39. b4 e4 40. bxc5 bxc5 41. Ka5 e3 42. Kxa6 e2 43. Kb5 e1=Q 44. Kxc5 Qa5+ 45. Kd4 Qe5+ 46. Kd3 Kf8 47. a4 Ke7 48. c5 Ke6 49. c6 Kd5 50. c7 Qd4+ 51. Kc2 Bxc7 0-1

[Event "CYCC U08"]
[Site "Victoria CAN"]
[Date "2009.07.21"]
[Round "2"]
[White "Zhang, Yuanchen"]
[Black "Maulucci, Anthony"]
[Result "1-0"]
[WhiteElo "1282"]
[BlackElo "1306"]
[PlyCount "61"]
[GameId "2160767910093592"]
[EventDate "2009.07.21"]
[EventType "swiss"]
[EventRounds "7"]
[EventCountry "CAN"]
[SourceTitle "hb 2009.10"]

1. e4 e6 2. d4 d5 3. exd5 exd5 4. Nf3 Nf6 5. Bd3 c5 6. dxc5 Bxc5 7. O-O O-O 8. Bg5 Bg4 9. h3 Bh5 10. Re1 Nc6 11. Nc3 Nd4 12. Be2 Qb6 13. Bxf6 Nxf3+ 14. Bxf3 Bxf2+ 15. Kh1 Bxf3 16. Qxf3 Bxe1 17. Nxd5 Qd6 18. Be7 Qe5 19. Bxf8 Rxf8 20. c3 Bh4 21. Rd1 Re8 22. Nf4 g5 23. Nd3 Qd6 24. Nf2 Bg3 25. Nd3 Rf8 26. Nb4 Qc7 27. Nd5 Qe5 28. Nf6+ Kh8 29. Nd7 Qg7 30. Nxf8 Qxf8 31. Qxg3 1-0

[Event "CYCC U08"]
[Site "Victoria CAN"]
[Date "2009.07.22"]
[Round "3"]
[White "Zotkin, Daniel"]
[Black "Zhang, Yuanchen"]
[Result "0-1"]
[WhiteElo "1368"]
[BlackElo "1282"]
[PlyCount "80"]
[GameId "2160767910093598"]
[EventDate "2009.07.21"]
[EventType "swiss"]
[EventRounds "7"]
[EventCountry "CAN"]
[SourceTitle "hb 2009.10"]

1. e4 c5 2. Nf3 e6 3. Nc3 Nc6 4. Bc4 d6 5. d4 cxd4 6. Nxd4 Nf6 7. Bg5 h6 8. Bh4 a6 9. Bxf6 Qxf6 10. Nxc6 bxc6 11. Qd2 Be7 12. O-O O-O 13. f4 d5 14. e5 Bc5+ 15. Kh1 Qe7 16. Bd3 f6 17. a3 fxe5 18. fxe5 Rxf1+ 19. Rxf1 Bd7 20. b4 Bb6 21. Qf4 Rf8 22. Bh7+ Kxh7 23. Qxf8 Qg5 24. Na4 Bd4 25. Qd6 Bc8 26. Qxc6 Qd8 27. Rd1 Qf8 28. h3 Ba7 29. Qd6 Qe8 30. Nc3 Qf7 31. a4 Bb7 32. b5 d4 33. b6 Bxg2+ 34. Kxg2 Qg6+ 35. Kh1 Qg3 36. Qxe6 Qf3+ 37. Kg1 Qg3+ 38. Kf1 Qf3+ 39. Ke1 Qg3+ 40. Kd2 Qe3# 0-1